000 00635nam a22002057a 4500
005 20100813122642.0
010 _aENG-100332
020 _a97881235004
_c100.00
035 _aEN-83864
037 _bDBAD/PUB
082 _a921
100 _aNikhilananda, Swami
_913629
245 _aHoly mother /
_cby Swami Nikhilananda
260 _aChennai
_bRamakrishna Math
_c1962
270 _aMylapore
_bChennai
_e600004
300 _axii, 356p.
_c20cm (pbk)
500 _aIncludes index
942 _2ddc
_cEN
_h921
_mNIK
999 _c41571
_d41571